The little ballerina / (Record no. 4671)

MARC details
000 -LEADER
fixed length control field 01176cam a22003854a 4500
001 - CONTROL NUMBER
control field 4671
003 - CONTROL NUMBER IDENTIFIER
control field FISKH
005 - DATE AND TIME OF LATEST TRANSACTION
control field 20240919145227.0
008 - FIXED-LENGTH DATA ELEMENTS--GENERAL INFORMATION
fixed length control field 990106r1999 nyua b 000 0 eng
010 ## - LIBRARY OF CONGRESS CONTROL NUMBER
LC control number 99011610
020 ## - INTERNATIONAL STANDARD BOOK NUMBER
International Standard Book Number 0789440059 (hard)
020 ## - INTERNATIONAL STANDARD BOOK NUMBER
International Standard Book Number 9781465409423
020 ## - INTERNATIONAL STANDARD BOOK NUMBER
International Standard Book Number 0789440040 (pbk.)
020 ## - INTERNATIONAL STANDARD BOOK NUMBER
International Standard Book Number 9781465409430
040 ## - CATALOGING SOURCE
Original cataloging agency DLC
Transcribing agency DLC
Modifying agency DLC
Language of cataloging eng
050 ## - LIBRARY OF CONGRESS CALL NUMBER
Classification number GV1787.G75
082 ## - DEWEY DECIMAL CLASSIFICATION NUMBER
Classification number 792.8
100 1# - MAIN ENTRY--PERSONAL NAME
Personal name Grindley, Sally.
245 14 - TITLE STATEMENT
Title The little ballerina /
Statement of responsibility, etc. written by Sally Grindley.
250 ## - EDITION STATEMENT
Edition statement This edition published in 2013
260 ## - PUBLICATION, DISTRIBUTION, ETC.
Place of publication, distribution, etc. New York :
Name of publisher, distributor, etc. DK Publishing,
Date of publication, distribution, etc. 1999.
300 ## - PHYSICAL DESCRIPTION
Extent 32 pages :
Other physical details color illustrations ;
Dimensions 23 cm
440 #0 - SERIES STATEMENT/ADDED ENTRY--TITLE
Title Eyewitness readers.
Number of part/section of a work Level 2
505 ## - FORMATTED CONTENTS NOTE
Formatted contents note M<br/>
520 ## - SUMMARY, ETC.
Summary, etc. Follows the activities of a group of young students in their ballet class as they prepare for a show.
521 8# - TARGET AUDIENCE NOTE
Target audience note 560<br/>
Source Lexile<br/>
521 8# - TARGET AUDIENCE NOTE
Target audience note M<br/>
Source Raz-Plus<br/>
650 #0 - SUBJECT ADDED ENTRY--TOPICAL TERM
Topical term or geographic name entry element Ballet
General subdivision Juvenile literature.
650 #0 - SUBJECT ADDED ENTRY--TOPICAL TERM
Topical term or geographic name entry element Ballet dancing
General subdivision Juvenile literature.
650 #1 - SUBJECT ADDED ENTRY--TOPICAL TERM
Topical term or geographic name entry element Ballet.
650 #1 - SUBJECT ADDED ENTRY--TOPICAL TERM
Topical term or geographic name entry element Ballet dancing.
906 ## - LOCAL DATA ELEMENT F, LDF (RLIN)
a 7
b cbc
c orignew
d 1
e ocip
f 19
g y-gencatlg
942 ## - ADDED ENTRY ELEMENTS (KOHA)
Source of classification or shelving scheme Dewey Decimal Classification
Koha item type Books
Suppress in OPAC No
Holdings
Withdrawn status Lost status Source of classification or shelving scheme Damaged status Not for loan Collection Home library Current library Shelving location Date acquired Total Checkouts Full call number Barcode Date last seen Price effective from Koha item type
    Dewey Decimal Classification     Non-Fiction Footprints International School Library Network Toul Kork Campus Footprints International School Library Network Toul Kork Campus TK Primary Library Room(4th Floor), Bookcase 3&4, Shelves 17-32, Yellow Books 09/19/2024   GRI 792.8 GV1787.G75 FISTK01419 09/19/2024 09/19/2024 Books